Martin Scorsese por Martin Scorsese

Guardat en:
Dades bibliogràfiques
Autors principals: Thompson, David (Autor), Christie, Ian (Autor)
Format: Llibre
Idioma:espanyol
Publicat: Barcelona Alba 1999
Edició:1a. ed
Col·lecció:Vidas y Letras, 10
Matèries:
Etiquetes: Afegir etiqueta
Sense etiquetes, Sigues el primer a etiquetar aquest registre!

MARC

LEADER 00000nam a2200000 a 4500
001 UCI2307
003 CL-VaPUC
008 070817e19990000SP |||||||||||||||||spa|d
020 |a 8489846820 
082 0 4 |a 791.430233092  |b THO  |2 21 
100 0 |a Thompson, David  |e author  |9 523282 
700 0 |a Christie, Ian  |e author  |9 523283 
245 1 0 |a Martin Scorsese por Martin Scorsese 
250 |a 1a. ed 
300 |a 375 p 
942 |c BK 
945 |d 20070817 00:00:00  |a rbrito 
260 |a Barcelona  |b Alba  |c 1999 
600 0 7 |a SCORSESE, MARTIN  |2 CL-VaPUC  |9 523284 
650 0 |a Crítica de cine   |9 267411 
650 7 |a DIRECTOR DE CINE  |2 CL-VaPUC  |9 523285 
650 0 |a Industria cinematográfica  |9 266081 
650 0 |a Películas  |9 335097 
650 0 |a Cinematografía  |9 265198 
583 |a last modification  |c 20070817 00:00:00  |k Rodrigo Vera 
490 0 |a Vidas y Letras, 10 
999 |c 326925  |d 326923 
952 |0 0  |1 0  |4 0  |6 791_430233092000000_THO_1999  |7 0  |8 A  |9 409186  |a BIBART  |b BIBART  |d 2019-11-22  |i 4363736  |o 791.430233092 THO 1999  |p 4363736  |r 2025-03-13  |w 2019-11-22  |y BK  |k ART